000 00484nam a2200169Ia 4500
008 090201s9999 xx 000 0 und d
010 _aKPL-50280
040 _bमराठी
041 _aमराठी
082 _a7015
_b50280
100 _aसुरेश वैद्य
245 _aसावर
_cसुरेश वैद्य
260 _c2004
_bदिलीप प्रकाशन
300 _a200
_bमोठा
600 _aसावर
942 _cBOOK
999 _c207793
_d207793